Vplyv organizácie mechanizačných prostriedkov na výtvaranie výrobno-organizačných a riadiacich útvarov v rastlinnej výrobe na Jednotnom roľníckom družstve "Záhorák" v Borskom Jure záverečná práca postgraduálneho štúdia
Salvato in:
| Autore principale: | |
|---|---|
| Ente Autore: | |
| Altri autori: | |
| Natura: | Libro |
| Lingua: | slovacco |
| Pubblicazione: |
Bratislava
1987
|
| Tags: |
Nessun Tag, puoi essere il primo ad aggiungerne!!
|
MARC
| LEADER | 00000nam a2200000 4500 | ||
|---|---|---|---|
| 001 | c025247 | ||
| 005 | 20221219095408.5 | ||
| 041 | 0 | |a slo | |
| 044 | |a SK | ||
| 245 | 1 | 0 | |a Vplyv organizácie mechanizačných prostriedkov na výtvaranie výrobno-organizačných a riadiacich útvarov v rastlinnej výrobe na Jednotnom roľníckom družstve "Záhorák" v Borskom Jure |b záverečná práca postgraduálneho štúdia |c Peter Mikulička ; Ved. práce Ján Záhoran |
| 264 | 1 | |a Bratislava |c 1987 | |
| 300 | |a 43 s. | ||
| 100 | 1 | |a Mikulička, Peter | |
| 700 | 1 | |a Záhoran, Ján | |
| 710 | 2 | |a Vysoká škola ekonomická v Bratislave | |